000 00929nam a2200253Ia 4500
003 OSt
005 20220923223356.0
006 a|||||r|||| 00| 0
007 ta
008 220922b |||||||| |||| 00| 0 hin d
024 _a214,341
037 _cTextual
040 _aARTS
_cARTS
_bhin
041 _2hin
_ahin
082 _aO152,3N031:g, L7
100 _aशुक्ल, बैजनाथप्रसाद
245 0 _aभगवतीचरण वर्मा के उपन्यासो में युगचेतना
246 _aBhagavatīcharaṇ varmā ke upanyāso mean yugachetanā
260 _aदिल्ली
_b प्रेम प्रका0
_c1977
300 _a462 पृ.
_ccm.
650 _aहिन्दी साहित्य
_9156264
942 _hO152,3N031:g, L7
_cTEXL
_2CC
999 _c364314
_d364314